Entry Nombre personal
001 - NÚMERO DE CONTROL
- campo de control: 240710
003 - IDENTIFICADOR DE NÚMERO DE CONTROL
- campo de control: SpMaBN
005 - FECHA Y HORA DE LA ÚLTIMA TRANSACCIÓN
- campo de control: 20250524180307.0
008 - ELEMENTOS DE DATO DE LONGITUD-FIJA
- campo de control de longitud fija: 901120nn aijnnaabn a aaa
016 ## - NÚMERO DE CONTROL DE UNA AGENCIA BIBLIOGRÁFICA NACIONAL
- Número de control del registro: BNE19900209359
024 7# - IDENTIFICADOR DE OTROS ESTÁNDARES
- Número estándar o código: http://viaf.org/viaf/17229367/
- Fuente: viaf
024 8# - IDENTIFICADOR DE OTROS ESTÁNDARES
- Número estándar o código: https://data.cervantesvirtual.com/person/1800
024 7# - IDENTIFICADOR DE OTROS ESTÁNDARES
- Número estándar o código: https://isni.org/isni/000000012122233X
- Fuente: isni
024 7# - IDENTIFICADOR DE OTROS ESTÁNDARES
- Número estándar o código: http://www.wikidata.org/entity/Q38193
- Fuente: wikidata
040 ## - FUENTE DE CATALOGACIÓN
- Centro catalogador/agencia de origen: SpMaBN
- Lengua de catalogación: spa
- Centro/agencia transcriptor: SpMaBN
- Normas de descripción: rdc
- Convención/Normas de encabezamiento de materia/tesauro: embne
046 ## - FECHAS CON CODIFICACIÓN ESPECIAL
- Fecha de nacimiento: 1788
- Fecha de la muerte: 1860
100 1# - ENCABEZAMIENTO-NOMBRE DE PERSONA
- Nombre de persona: Schopenhauer, Arthur,
- Fechas asociadas al nombre: 1788-1860
370 ## - LUGAR ASOCIADO
- Lugar de nacimiento: Gdansk
- Número de control del registro de autoridad o número normalizado: XX457489
- Fuente de información: Wikidata
372 ## - CAMPO DE ACTIVIDAD
- Campo de actividad: Historia de la filosofía
- Campo de actividad: Psicología
- Campo de actividad: Estética
- Campo de actividad: Ética
- Campo de actividad: Metafísica
- Fuente de información: Wikidata
373 ## - GRUPO ASOCIADO
- Grupo asociado: Irracionalismo
- Fuente de información: Wikidata
374 ## - OCUPACIÓN
- Ocupación: Musicólogos
- Ocupación: Escritores
- Ocupación: Filósofos
- Ocupación: Profesores
- Fuente de información: Wikidata
375 ## - GÉNERO/SEXO
- Género: Masculino
377 ## - IDIOMA ASOCIADO
- Término de lengua/lenguaje: Alemán
400 1# - TRAZADO DE VÉASE--NOMBRE DE PERSONA
- Nombre de persona: Schopenhauer, A.
- Fechas asociadas al nombre: 1788-1860
400 1# - TRAZADO DE VÉASE--NOMBRE DE PERSONA
- Nombre de persona: Schopenhauer, Arturo
- Fechas asociadas al nombre: 1788-1860
670 ## - FUENTE DE DATOS ENCONTRADOS
- Cita de la fuente: Sobre la voluntad en la naturaleza, 1970
- Información encontrada: port. (Arthur Schopenhauer)
670 ## - FUENTE DE DATOS ENCONTRADOS
- Cita de la fuente: De la cuádruple raíz del principio de razón suficiente, 1981
- Información encontrada: port. (Arturo Schopenhauer)
670 ## - FUENTE DE DATOS ENCONTRADOS
- Cita de la fuente: El arte del buen vivir, 2000
- Información encontrada: port. (Arthur Schopenhauer) p. 11, etc. (n. 1788 en Danzig, m. 21-9-1860)
670 ## - FUENTE DE DATOS ENCONTRADOS
- Cita de la fuente: Ferrater, J. Dic. de filosofía, 1980
- Información encontrada: (Schopenhauer, Arthur; n. 1788, Danzig, m. 1860)
670 ## - FUENTE DE DATOS ENCONTRADOS
- Cita de la fuente: WWW DDB OPAC, 6-4-2001
- Información encontrada: (Schopenhauer, Arthur; n. 1788, m. 1860)
